00495nam a2200133Ia 4500008004100000020001800041050001700059100003500076240005400111245008700165260001800252300001100270650008000281120626s9999 xx 000 0 und d a607-7583-15-4 aHF1010 S675 aSORIA FERNANDEZ, Jorge Alberto aProcedimientos y operaciones de comercio exterior aProcedimientos y operaciones de comercio exterior / Jorge Alberto SORIA FERNANDEZ aMéxico: PAC a143 P. a1. PROCEDIMIENTOS Y OPERACIONES DE COMERCIO EXTERIOR 2. CAMBIO EXTERIORÌ